LEADER 01271nam a2200361 i 4500 001 991003695449707536 005 20021220115345.0 008 020610s1985 us ||| | eng 020 $a0273086715 035 $ab11849411-39ule_inst 035 $aLE01313539$9ExL 040 $aDip.to Matematica$beng 082 0 $a512.2 084 $aAMS 20M10 084 $aAMS 20M20 084 $aLC QA171.P385 100 1 $aPastijn, F. J.$0441767 245 10$aRegular semigroups as extensions /$cF.J. Pastijn & M. Petrich 260 $aBoston :$bPitman,$c1985 300 $a188 p. ;$c25 cm. 490 0 $aResearch notes in mathematics, ISSN 07430337 ;$v136 500 $a"Pitman advanced publishing program." 500 $aIncludes index. 500 $aBibliography: p.182-184 650 4$aGroup extensions (Mathematics) 650 4$aSemigroups 700 1 $aPetrich, Mario$eauthor$4http://id.loc.gov/vocabulary/relators/aut$058119 907 $a.b11849411$b28-04-17$c20-12-02 912 $a991003695449707536 945 $aLE013 20M PAS11 (1985)$g1$i2013000132129$lle013$o-$pE0.00$q-$rl$s- $t0$u0$v0$w0$x0$y.i12101941$z20-12-02 996 $aRegular semigroups as extensions$983349 997 $aUNISALENTO 998 $ale013$b01-01-02$cm$da $e-$feng$gus $h0$i1 LEADER 01865nam 2200577 a 450 001 9910792336403321 005 20230721015931.0 010 $a0-8018-9846-3 035 $a(CKB)2670000000016835 035 $a(OCoLC)593295726 035 $a(CaPaEBR)ebrary10375800 035 $a(SSID)ssj0000339040 035 $a(PQKBManifestationID)11252176 035 $a(PQKBTitleCode)TC0000339040 035 $a(PQKBWorkID)10298282 035 $a(PQKB)11543259 035 $a(MiAaPQ)EBC3318546 035 $a(MdBmJHUP)muse2777 035 $a(Au-PeEL)EBL3318546 035 $a(CaPaEBR)ebr10375800 035 $a(OCoLC)923194791 035 $a(EXLCZ)992670000000016835 100 $a20060809d2007 uy 0 101 0 $aeng 135 $aurcn||||||||| 181 $ctxt 182 $cc 183 $acr 200 10$aIngenium$b[electronic resource] $efive machines that changed the world /$fMark Denny 210 $aBaltimore $cJohns Hopkins University Press$dc2007 215 $a1 online resource (195 p.) 300 $aBibliographic Level Mode of Issuance: Monograph 311 $a0-8018-8586-8 320 $aIncludes bibliographical references and index. 327 $aBow and arrow -- Waterwheels and windmills -- Counterpoise siege engines -- Pendulum clock anchor escapement -- Centrifugal governor -- Inventiveness. 517 3 $aFive machines that changed the world 606 $aInventions$xHistory 606 $aMachinery$xHistory 606 $aForce and energy$xExperiments 615 0$aInventions$xHistory. 615 0$aMachinery$xHistory. 615 0$aForce and energy$xExperiments. 676 $a609 700 $aDenny$b Mark$f1953-$01470363 801 0$bMiAaPQ 801 1$bMiAaPQ 801 2$bMiAaPQ 906 $aBOOK 912 $a9910792336403321 996 $aIngenium$93749679 997 $aUNINA